Normal view
MARC view
- Ning,Fang
Entry Personal Name
001 - CONTROL NUMBER
- control field: 86519
003 - CONTROL NUMBER IDENTIFIER
- control field: NUST
005 - DATE AND TIME OF LATEST TRANSACTION
- control field: 20211213143739.0
008 - FIXED-LENGTH DATA ELEMENTS
- fixed length control field: 211213|| aca||aabn | a|a d
040 ## - CATALOGING SOURCE
- Original cataloging agency: NUST
- Transcribing agency: NUST
100 ## - HEADING--PERSONAL NAME
- Personal name: Ning,Fang
670 ## - SOURCE DATA FOUND
- Source citation: Work cat.: (NUST): Ning,Fang, China's Democracy Path, 2014.
